00686 2200205 4500001002100000005001700021008004100038035002400079040001200103082000800115090001700123100001900140245008700159260010900246300003300355500001600388504002900404650002900433990001800462YOGYA-0113000000172120130129082433.0 ind  0010-011300000001721 aYOPDYOG a361 aSK 361 Umi K aUMI NUR AMANAH aKejujuran pengelolaan zakat menuju kesejahteraan ummat/disusun oleh Umi Nur Amanah aYogyakarta :bJurusan Ilmu Sosiatri Fakultas Ilmu Sosial dan Ilmu Politik Universitas Gadjah Mada,c2002 ax,100,(11)lbr.,lamp.;c29 cm aSkripsi UGM aBibliografi : lbr.99-100 aKesejahteraan masyarakat a43324-PD/A-12